| 000 | 01206cad a22002055a 4500 | ||
|---|---|---|---|
| 001 | L158487 | ||
| 008 | 120720s2014 xxk 000 0 eng d | ||
| 035 | _a(Sirsi) u158487 | ||
| 041 | 0 | _aeng | |
| 110 | 2 |
_aJones Lang LaSalle _93755 |
|
| 245 | 0 | 0 |
_aData-centric CRE _bA competitive imperative _h[electronic resource] |
| 260 |
_a[S.l.] _bJLL _c2014 |
||
| 490 | 0 |
_aJLL Corporate Real Estate Data and Analytics _v July 2014 |
|
| 520 | _aExplores the challenges and perceptions of data and analytics in the corporate real estate market, by taking an in-depth look at the competitive advantages of companies who capture, manage and use data effectively, including ability to make smarter, more accurate decision making, enhanced productivity of your corporate real estate team, extended influence with senior business leaders, ability to measure success, allows for the development and assessment of future-proofing scenarios, and aligns your real estate portfolio to operations and wider business strategy. | ||
| 590 | _aNTK KA | ||
| 651 | 4 | _aInternational | |
| 690 | _aBusiness and management | ||
| 856 | 4 | 0 |
_uhttps://www.jll.com/research/104/data-centric-cre _zView the report at www.jll.com |
| 942 | _n0 | ||
| 999 |
_c115339 _d115339 |
||